Pays aléatoires par drapeau - Erreurs élilminatoires - Statistiques

Statistiques générales
  • Ce quiz a été pris 340 fois
  • Le résultat moyen est 10 sur 15
Statistiques - réponses
Par images Réponse % Correct
Australie
100%
Géorgie
100%
Jamaïque
100%
Madagascar
100%
Pérou
100%
République démocratique du Congo
100%
Serbie
100%
Slovénie
100%
Royaume-Uni
95%
Mexique
94%
Népal
94%
Qatar
94%
Ukraine
94%
Afrique du Sud
93%
Bosnie-Herzégovine
93%
Allemagne
92%
Argentine
92%
Brésil
92%
Chypre
92%
Costa Rica
92%
Cuba
92%
Islande
92%
République tchèque
92%
Viêt Nam
92%
Grèce
91%
Turquie
91%
Kenya
90%
Chine
89%
Colombie
89%
France
89%
Inde
89%
Japon
89%
Ouzbékistan
89%
Danemark
88%
Liban
88%
Suède
88%
Espagne
87%
Algérie
86%
Angola
86%
Barbade
86%
Canada
86%
Finlande
86%
Tunisie
86%
Venezuela
85%
Chili
84%
Vatican
84%
Cameroun
83%
Kirghizistan
83%
Luxembourg
83%
Maroc
83%
Russie
83%
Zimbabwe
83%
Cap-Vert
80%
Gabon
80%
Kosovo
80%
Mali
80%
Tanzanie
80%
Arabie Saoudite
79%
Autriche
79%
Liberia
79%
Roumanie
79%
Sénégal
79%
Italie
78%
Uruguay
78%
Belize
77%
Israël
77%
Tchad
77%
Nouvelle-Zélande
76%
Pays-Bas
76%
Bahamas
75%
Irlande
75%
Lettonie
75%
Ouganda
75%
Sainte-Lucie
75%
Suisse
75%
Tonga
75%
Afghanistan
74%
Croatie
73%
Estonie
73%
Indonésie
73%
Iran
73%
Malte
73%
Panama
73%
Saint-Vincent-et-les- Grenadines
73%
Seychelles
73%
Trinité-et-Tobago
73%
Bulgarie
72%
Émirats arabes unis
72%
Bangladesh
71%
Belgique
71%
Biélorussie
71%
Cambodge
71%
Corée du Nord
71%
Nicaragua
71%
Pologne
71%
Portugal
71%
Saint-Marin
71%
Togo
71%
Pakistan
70%
Albanie
69%
Bhoutan
69%
Égypte
69%
Équateur
69%
Etats-Unis
69%
Guyana
69%
Honduras
69%
Liechtenstein
69%
Mauritanie
69%
Moldavie
69%
Oman
69%
Sri Lanka
69%
Laos
68%
Macédoine du Nord
68%
Arménie
67%
Burundi
67%
Grenade
67%
Kazakhstan
67%
Lituanie
67%
Micronésie
67%
Palaos
67%
Samoa
67%
Syrie
67%
Thaïlande
67%
Guatemala
65%
Haïti
65%
Mozambique
65%
Corée du Sud
64%
Fidji
64%
Koweït
64%
Maldives
64%
Turkménistan
64%
Kiribati
63%
Norvège
63%
Sao Tomé-et-Principe
63%
Lesotho
61%
Andorre
60%
Jordanie
60%
Philippines
60%
Singapour
60%
Suriname
60%
Éthiopie
59%
Taïwan
59%
Azerbaïdjan
58%
Irak
58%
Malawi
58%
Slovaquie
58%
Bahreïn
57%
Monténégro
57%
Ghana
56%
Mongolie
56%
Tadjikistan
56%
Botswana
55%
Côte d'Ivoire
55%
Niger
55%
Hongrie
54%
Malaisie
54%
Vanuatu
54%
Burkina Faso
53%
Birmanie
50%
Bolivie
50%
Brunei
50%
Comores
50%
Paraguay
50%
République Centrafricaine
50%
Saint-Christophe- et-Niévès
50%
Sierra Leone
47%
Érythrée
46%
Zambie
46%
Antigua-et-Barbuda
45%
Eswatini
45%
Guinée
44%
Îles Marshall
44%
Namibie
44%
République dominicaine
44%
Soudan
44%
Monaco
40%
Salvador
40%
Gambie
38%
Tuvalu
38%
Djibouti
36%
Île Maurice
36%
Dominique
33%
Libye
33%
Nauru
33%
Salomon
33%
Papouasie-Nouvelle- Guinée
31%
République du Congo
29%
Yémen
29%
Rwanda
25%
Timor oriental
25%
Soudan du Sud
17%
Nigeria
15%
Bénin
11%
Guinée-Bissau
7%
Guinée équatoriale
6%
Somalie
0%
Aucun quiz correspondant
Distribution des résultats
% des personnes avec chaque résultat
Percentile par nombre de réponses
Votre historique - résultats
Vous n’avez pas pris ce quiz